00719cam a22002174a 4500003000900000005001700009008004100026020001800067040002800085082002900113100002100142245004500163260003300208300003600241490001200277600004600289650002400335650002000359650003100379856009100410DO-SdBNP20220228120353.0060925s2007 sp ab 000 1 spa  a9789707809017 aBPMSUbspa c BPMSU d  aCh863.44bA432I 20072221 aAllende, Isabel.10aInés del alma mía /cIsabel Allende. aMéxico :bIngramex,c2007 a366 p. :bill., 1 map ;c26 cm.0 aAreté10aSuárez, Inés,d1507-1580.vFicción  4aLiteratura chilena  4aNovela chilena  4aNovela histórica chilena423Publisher descriptionuhttp://www.loc.gov/catdir/enhancements/fy1402/2007354197-d.html